|
|
|
|
| LEADER |
01016nam a2200241ra 4500 |
| 001 |
c000162416 |
| 003 |
CARM |
| 005 |
19950206000000.0 |
| 008 |
950226s1962 is abc b 001 0 eng d |
| 019 |
1 |
|
|a 11455533
|z 28444303
|5 LACONCORD2021
|
| 035 |
|
|
|a (OCoLC)3012823
|5 LACONCORD2021
|
| 040 |
|
|
|a NZOC
|b eng
|c NZOC
|
| 100 |
1 |
|
|a Rode, A. A.
|q (Alekseĭ Andreevich),
|d 1896-
|
| 245 |
1 |
0 |
|a Soil science :
|b (Pochvovedenie) /
|c A.A. Rode ; [translated by A. Gourevitch].
|
| 260 |
|
|
|a Jerusalem :
|b Israel Program for Scientific Translations,
|c 1962.
|
| 300 |
|
|
|a 517 p. :
|b ill., map, ports. ;
|c 25 cm.
|
| 500 |
|
|
|a Folded map in pocket on back inside cover.
|
| 504 |
|
|
|a Includes bibliographical references (p. 499-510) and index.
|
| 650 |
|
0 |
|a Soil science.
|
| 700 |
1 |
|
|a Gourevitch, A.
|
| 852 |
8 |
|
|b CARM
|h A2:AM07E0
|i C05493
|p 0214378
|f BK
|
| 999 |
f |
f |
|i 71771ec9-3464-5997-9b01-fe3912ddcddb
|s afd5b717-3202-5044-8e24-8fd1ee4776d1
|
| 952 |
f |
f |
|p Can circulate
|a CAVAL
|b CAVAL
|c CAVAL
|d CARM 1 Store
|e C05493
|f A2:AM07E0
|h Other scheme
|i book
|m 0214378
|